Co to za logo #6 - Statystyki

Ogólne statystyki
  • Ten quiz został rozwiązany 7 506 razy
  • Średni wynik to 11 z 20
Statystyki odpowiedzi
Obrazkowy Odpowiedź % Poprawnych
Coca-Cola
99%
Tiktok
99%
Doritos
94%
Lipton
94%
Lays
92%
Subway
85%
Dove
82%
WhatsApp
78%
Marvel Comics
76%
Nickelodeon
65%
Mountain Dew
63%
Nerf
55%
Harley-Davidson
40%
IBM
31%
Versace
28%
Chick-fil-A
14%
Blockbuster
8%
CBS
5%
Hoover
4%
Big Boy
3%
Nie znaleziono quizów pasujących do podanych kryteriów
Rozkład punktacji
Procent ludzi z każdym wynikiem
Percentyl według liczby udzielonych odpowiedzi
Twoja historia wyników
Nie rozwiązałeś tego quizu